00275nam a22001097a 4500082001200000100001700012245008000029300000800109650002400117942000700141999001700148 a190 DUR aDurant, Will aThe Story of Philosophy : The lives and opinions of the world's greatest... a543 aPhilosophy: Western cBK c20458d20458